Bürgerhäuser in Europa

Salvato in:
Dettagli Bibliografici
Autori principali: Meissner, Gunter (Autore), Büttner, Horst (Autore)
Natura: Libro
Lingua:tedesco
Pubblicazione: Leipzig, 1980
Soggetti:
Tags: Aggiungi Tag
Nessun Tag, puoi essere il primo ad aggiungerne!!

MARC

LEADER 00000nam a22000003a 4500
001 stu74289
005 20260205083050.4
008 020225s1980------------------------ger-d
040 |a STU  |b slo 
041 0 |a ger 
080 |a 72 
100 1 |a Meissner, Gunter  |4 aut 
245 1 |a Bürgerhäuser in Europa 
260 |a Leipzig,  |c 1980 
300 |a 350 s 
650 7 |a architektúra európska  |2 stusub 
650 7 |a meštianske domy 
700 1 |a Büttner, Horst  |4 aut 
996 |b 284AU00135  |c A*3645 U  |l AAKNAR  |s A  |a 24  |w stu74289_0001 
996 |b 284V026555  |c V*20305/O-7814  |l VVT  |s A  |a 24  |w stu74289_0002